| 000 | 00693nam a2200241Ia 4500 | ||
|---|---|---|---|
| 003 | OSt | ||
| 005 | 20230511091530.0 | ||
| 008 | 210423s2013 xx 000 0 und d | ||
| 020 | _a978-1-4462-4908-6 | ||
| 040 | _cAL | ||
| 041 | _aeng | ||
| 082 | _a302 BUUA | ||
| 100 |
_aBUUNK ( Abram P );VUGT ( Mark Van ) _9102106 |
||
| 245 | _aApplying social psychology: from problems to solutions Ed 2 | ||
| 250 | _a2 | ||
| 260 |
_aNew Delhi _bSage Publications _c2013 |
||
| 300 |
_axvi,178p _bPB |
||
| 365 |
_b2711.42 _cINR |
||
| 650 |
_aSocial Interaction _9102107 |
||
| 650 |
_aSociology _9102108 |
||
| 906 | _aApplying ; Ed ; problems ; psychology: ; social ; solutions | ||
| 942 |
_2ddc _cBK |
||
| 999 |
_c165783 _d165783 |
||